000 01024nam a2200265 a 4500
001 000019622
005 20200929170059.0
008 100701s1983 sp 000 0 spa d
020 _a8427604033
040 _aDO-SdBNP
_bspa
_cBNPHU
082 _a153.4
_bL525n, 1983
100 1 _aLeibniz, Gottfried Wilhelm, Freiherr von,
_d1646-1716
_942062
245 1 0 _aNuevos ensayos sobre el entendimiento humano /
_cG.W. Leibniz ; edición preparada por J. Echeverría Ezponda.
250 _a2a ed.
260 _aMadrid :
_bNacional,
_c1983.
300 _a645, [14] p. ;
_c18 cm.
490 1 _aBiblioteca de la literatura y el pensamiento universales
_v20
504 _aIncluye referencias bibliográficas y notas al pie de las páginas.
650 4 _aAprendizaje perceptivo
_xMotor
_940882
650 4 _aInteligencia
_92917
650 4 _aRazonamiento (psicología)
_940494
700 1 _aEcheverría Ezponda, J.,
_eed.
_942063
830 0 _aBiblioteca de la literatura y el pensamiento universales ;
_v20
_912938
049 _aBNGR
999 _c19138
_d19138